000 00573nam a22001697a 4500
999 _c20914
_d20914
003 OSt
005 20240827145629.0
008 240827b ||||| |||| 00| 0 eng d
040 _c0
082 _aDPer 379.1 J826 Winter-Spring 2021 v. 46, n. 3-4
100 _aDriscoll, Lisa G.
_eauthor.
_959021
245 _aTennessee /
_cLisa G. Driscoll.
260 _aIllinois, United States;
_bUniversity of Illinois Press and Johns Hopkins University Press,
_cWinter 2021.
300 _aVolume 46, pages 357-359.
700 _aDriscoll, Lisa G.
_eauthor.
_959021
942 _2ddc
_cPER